Normal view MARC view
  • Standard Method of Measurement Joint Committee

Entry Corporate Name

Number of records used in: 1

001 - CONTROL NUMBER

  • control field: 4716

003 - CONTROL NUMBER IDENTIFIER

  • control field: OSt

005 - DATE AND TIME OF LATEST TRANSACTION

  • control field: 20190806150236.0

008 - FIXED-LENGTH DATA ELEMENTS

  • fixed length control field: 050516n| aaannaabn |n ana d

040 ## - CATALOGING SOURCE

  • Original cataloging agency: OSt
  • Transcribing agency: OSt

110 ## - HEADING--CORPORATE NAME

  • Corporate name or jurisdiction name as entry element: Standard Method of Measurement Joint Committee

410 ## - SEE FROM TRACING--CORPORATE NAME

  • Corporate name or jurisdiction name as entry element: SMM Joint Committee

670 ## - SOURCE DATA FOUND

  • Source citation: Minute book no 4, 1954-1970